|
|
|
|
| LEADER |
01966nam a2200457 a 4500 |
| 001 |
nkc20081798919 |
| 003 |
CZ PrNK |
| 005 |
20080707154500.0 |
| 007 |
ta |
| 008 |
080403s2007 xr a e f 000 0 cze |
| 015 |
|
|
|a cnb001798919
|
| 020 |
|
|
|a 978-80-86956-17-6
|q (brož.)
|z 80-86956-17-2
|
| 035 |
|
|
|a (OCoLC)236562424
|
| 040 |
|
|
|a OLA001
|b cze
|d ABA001
|d BOA001
|
| 072 |
|
7 |
|a 373.2/.3
|x Předškolní a primární výchova a vzdělávání
|2 Konspekt
|9 22
|
| 080 |
|
|
|a 37.091.3:004
|2 MRF
|
| 080 |
|
|
|a 373.3
|2 MRF
|
| 080 |
|
|
|a (072)
|2 MRF
|
| 100 |
1 |
|
|a Klement, Libor
|7 mzk2008443017
|4 aut
|
| 245 |
1 |
0 |
|a Základní poznatky o využití počítačů :
|b závěrečná práce "Studium pro ředitele škol a školských zařízení" : období od 4. října 2005 do 11. května 2006 /
|c Libor Klement
|
| 246 |
1 |
|
|i Obálkový název a název v tiráži:
|a Základní poznatky o využití počítačů ve škole
|
| 246 |
3 |
0 |
|a Studium pro ředitele škol a školských zařízení
|
| 250 |
|
|
|a Vyd. 1.
|
| 260 |
|
|
|a Praha :
|b Národní institut pro další vzdělávání,
|c 2007
|
| 300 |
|
|
|a 36 s. :
|b il. ;
|c 21 cm
|
| 500 |
|
|
|a Nad názvem: Národní institut pro další vzdělávání, Krajské pracoviště Pardubice
|
| 500 |
|
|
|a Pod názvem: Pardubice - květen 2006
|
| 500 |
|
|
|a 1000 výt.
|
| 504 |
|
|
|a Obsahuje bibliografii
|
| 650 |
0 |
7 |
|a počítačem podporovaná výuka
|7 ph138155
|2 czenas
|
| 650 |
0 |
7 |
|a základní školy
|7 ph116795
|2 czenas
|
| 650 |
0 |
9 |
|a computer-aided learning
|2 eczenas
|
| 650 |
0 |
9 |
|a elementary schools
|2 eczenas
|
| 655 |
|
7 |
|a metodické příručky
|7 fd132826
|2 czenas
|
| 655 |
|
9 |
|a methodological manuals
|2 eczenas
|
| 710 |
2 |
|
|a Národní institut pro další vzdělávání.
|b Krajské pracoviště Pardubice
|7 olak2008419567
|
| 910 |
2 |
|
|a BOA001
|b 2-1202.222
|
| 990 |
|
|
|a BK
|
| 995 |
|
|
|a 01
|
| 991 |
|
|
|b 200805
|c NOV
|
| 996 |
6 |
|
|b 2610341727
|c 2-1202.222
|l MZK
|r Sklad / do 1 hodiny
|n 1
|p p.v.
|w 000891639
|u 000010
|a 1
|e BOA001
|j MZK50
|s P
|